000 00526nam a2200169Ia 4500
003 LDD
008 190117s9999 xx 000 0 und d
020 _c₹65
040 _cLDD
041 _ahi
082 _a8H1.709 ध6849स
100 _aधवन, युद्धवीर
245 0 _aसमकालीन लम्बी कविता की पहचान
_cयुद्धवीर धवन
260 _aकुरूक्षेत्
_bसंजीव
_c1987
300 _a136प्र.
942 _2ddc
_cH
999 _c161800
_d161800